Aktuálne otázky v oblasti rozpočtových pravidiel pre subjekty územnej samosprávy

Základná právna úprava rozpočtu je v zákone č. 523/2004 o rozpočtových pravidlách verejnej správy a zákone č. 583/2004 Z. z. o rozpočtových pravidlách územnej samosprávy. Najdôležitejšie zmeny týkajúce sa rozpočtového hospodárenia jednotiek územnej samosprávy, t. j. obcí, miest a vyšších územných ce...

Full description

Saved in:
Bibliographic Details
Main Author: Neupauerová, Zuzana
Format: Book Chapter
Language:Slovak
Subjects:
Tags: Add Tag
No Tags, Be the first to tag this record!

MARC

LEADER 00000naa a2200000 4500
001 0183270
005 20240502073131.9
041 0 |a slo 
044 |a SK 
245 1 0 |a Aktuálne otázky v oblasti rozpočtových pravidiel pre subjekty územnej samosprávy  |c Zuzana Neupauerová 
520 |a Základná právna úprava rozpočtu je v zákone č. 523/2004 o rozpočtových pravidlách verejnej správy a zákone č. 583/2004 Z. z. o rozpočtových pravidlách územnej samosprávy. Najdôležitejšie zmeny týkajúce sa rozpočtového hospodárenia jednotiek územnej samosprávy, t. j. obcí, miest a vyšších územných celkov. 
610 2 0 |a pravidlá rozpočtové 
610 2 0 |a Slovensko 
610 2 0 |a samospráva 
610 2 0 |a správa verejná 
100 1 |a Neupauerová, Zuzana